Statistics for 100 Most Common English Words: Two Minute Sprint

Click here to take the quiz!

General Stats

  • This quiz has been taken 259 times
  • The average score is 41 of 100

Answer Stats

Word % Correct
A
99%
I
97%
The
95%
An
90%
He
81%
Be
77%
You
77%
She
74%
And
74%
They
73%
It
71%
In
71%
We
70%
Her
69%
On
68%
Me
65%
To
65%
Do
63%
Go
63%
When
63%
No
61%
Them
60%
What
58%
There
58%
Their
58%
His
57%
As
57%
That
55%
Who
55%
Of
53%
For
52%
At
52%
Your
52%
My
52%
Our
51%
This
49%
So
48%
Then
48%
Us
47%
Him
47%
By
45%
Have
45%
Can
43%
But
42%
From
42%
Not
40%
If
40%
All
39%
How
39%
Will
39%
Or
37%
Because
37%
One
36%
See
35%
Would
34%
Could
34%
Two
34%
With
33%
Up
33%
Than
29%
Out
29%
Get
29%
Its
29%
These
27%
Day
27%
Say
25%
About
24%
Which
24%
Good
23%
Any
22%
After
22%
Over
22%
Like
22%
Know
20%
Come
20%
Some
20%
Give
20%
Now
19%
Into
19%
Take
19%
Just
18%
Time
17%
Also
17%
Think
17%
Look
16%
Even
16%
Make
16%
Want
16%
Work
13%
New
12%
Well
12%
Way
12%
Most
12%
Only
12%
People
11%
Other
11%
Back
11%
Use
10%
First
10%
Year
9%

Score Distribution

Percentile by Number Answered

Percent of People with Each Score

Your Score History

You have not taken this quiz